Najstarsze państwa świata - Statystyki

Ogólne statystyki
  • Ten quiz został rozwiązany 225 razy
  • Średni wynik to 8 z 16
Statystyki odpowiedzi
Rok Kraj % Poprawnych
3100 pne Egipt
94%
2070 pne Chiny
89%
VIII wiek pne Grecja
85%
320p pne Iran
79%
2000 pne Indie
75%
660 pne Japonia
71%
1300 pne Izrael
58%
290 pne Mongolia
46%
600 pne Francja
43%
2333 pne Korea
41%
2492 pne Armenia
38%
2879 pne Wietnam
30%
1300 pne Gruzja
28%
1070 pne Sudan
27%
X wiek pne Etiopia
21%
678 pne Afganistan
20%
Nie znaleziono quizów pasujących do podanych kryteriów
Rozkład punktacji
Procent ludzi z każdym wynikiem
Percentyl według liczby udzielonych odpowiedzi
Twoja historia wyników
Nie rozwiązałeś tego quizu